LIBRARY & INFORMATION CENTRE, KCAET, TAVANUR

ONLINE PUBLIC ACCESS CATALOGUE (OPAC)

Padhik / (Record no. 11468)

MARC details
000 -LEADER
fixed length control field 00381cam a2200157ua 4500
041 ## - LANGUAGE CODE
Language code of text/sound track or separate title hin
082 ## - DEWEY DECIMAL CLASSIFICATION NUMBER
Classification number 891.54
Item number RAM/PA
100 ## - MAIN ENTRY--AUTHOR NAME
Personal name Ramnaresh, Tripadi .
245 ## - TITLE STATEMENT
Title Padhik /
250 ## - EDITION STATEMENT
Edition statement 1 /
260 ## - PUBLICATION, DISTRIBUTION, ETC. (IMPRINT)
Place of publication Calcutta :
Name of publisher Asarsh pustak bandar ,
Year of publication 1956.
300 ## - PHYSICAL DESCRIPTION
Number of Pages 50 ; .
942 ## - ADDED ENTRY ELEMENTS (KOHA)
Koha item type Books
Holdings
Withdrawn status Lost status Damaged status Home library Current library Date acquired Full call number Accession Number Koha item type
Withdrawn     KAUAET Kelappaji 07/04/2012 891.54 2793 Books
free website counter